Gaming Quiz

Random Gaming or Pokémon Quiz

All Pokemon Mega Evolutions Quiz Stats

 Plays Quiz not verified by Sporcle

Challenge
Share
Tweet
Embed
Score 0/48 Timer 10:00
0 Plays Today
Hint Answer % Correct
Grass/PoisonVenusaur
95.6%
Fire/DragonCharizard X
93.8%
WaterBlastoise
93.8%
Fire/FlyingCharizard Y
92%
Ghost/PoisonGengar
92%
PsychicAlakazam
89.4%
Fire/FightingBlaziken
87.6%
Water/GroundSwampert
87.6%
Rock/FlyingAerodactyl
85.8%
Grass/DragonSceptile
85.8%
PsychicMewtwo Y
85%
Psychic/FightingMewtwo X
85%
Bug/FlyingPinsir
84.1%
Water/DarkGyarados
84.1%
Bug/SteelScizor
80.5%
Dark/FireHoundoom
79.6%
Electric/DragonAmpharos
78.8%
Bug/FightingHeracross
78.8%
Steel/FairyMawile
78.8%
Psychic/FightingMedicham
78.8%
Fighting/SteelLucario
78.8%
Grass/IceAbomasnow
77.9%
Bug/PoisonBeedrill
77.9%
Normal/FlyingPidgeot
77.9%
Hint Answer % Correct
Steel/GroundSteelix
77.9%
Dark/GhostSableye
77.9%
IceGlalie
77%
Dragon/FlyingSalamence
77%
Psychic/FairyGardevoir
76.1%
Dragon/GroundGarchomp
76.1%
Dragon/PsychicLatias
76.1%
Dragon/PsychicLatios
76.1%
Rock/DarkTyranitar
75.2%
Water/DarkSharpedo
75.2%
Dragon/FairyAltaria
73.5%
Steel/PsychicMetagross
73.5%
Dragon/FlyingRayquaza
72.6%
Normal/FairyAudino
72.6%
Rock/FairyDiancie
72.6%
NormalKangaskhan
71.7%
ElectricManectric
71.7%
Water/PsychicSlowbro
71.7%
Psychic/FightingGallade
70.8%
GhostBanette
69.9%
SteelAggron
69%
DarkAbsol
66.4%
Normal/FightingLopunny
64.6%
Fire/GroundCamerupt
61.9%

You're not logged in!

Compare scores with friends on all Sporcle quizzes.
Join for Free
OR
Log In

You Might Also Like...

Show Comments

Extras

Top Quizzes Today


Score Distribution

Your Account Isn't Verified!

In order to create a playlist on Sporcle, you need to verify the email address you used during registration. Go to your Sporcle Settings to finish the process.

Report this User

Report this user for behavior that violates our Community Guidelines.

Details: